00397nam a2200133 i 450000100060000000300090000600500170001500700030003200800410003510000320007624500960010826000340020485200250023823531ES-MaACL20230906152905.0t|021211s1903 sp ||||1| spa d1 aAmador y Carrandi, Ernesto.10aOrigen del hombre y de su aparición en Europa b: discurso / cErnesto Amador y Carrandi. aSalamanca : b[s.n.], c1903. aES-MaACLjT-1041-F-1